[Event "Izmailov Memorial op 15th"]
[Site "Tomsk"]
[Date "2011.06.08"]
[Round "8"]
[White "Terchanyan, Zograb"]
[Black "Radnaev, Anatoly"]
[Result "1/2-1/2"]
[WhiteElo "1906"]
[BlackElo "2038"]
[PlyCount "100"]
[EventDate "2011.06.01"]
[EventType "swiss"]
[EventRounds "9"]
[EventCountry "RUS"]
[SourceTitle "EXT 2013"]
[Source "ChessBase"]
[SourceDate "2012.11.22"]
[SourceVersion "1"]
[SourceVersionDate "2012.11.22"]
[SourceQuality "1"]

1. Nf3 Nf6 2. c4 e6 3. g3 b6 4. Bg2 Bb7 5. 0-0 d6 6. d4 Be7 7. Nc3 Nbd7 8. Qc2 a6 9. e4 e5 10. Rd1 Qb8 11. dxe5 dxe5 12. Nd5 Bd6 13. Nh4 Nxd5 14. exd5 g6 15. f4 Qa7 16. Kh1 0-0-0 17. fxe5 Nxe5 18. Nf3 Ng4 19. h3 Ne5 20. Bf4 f6 21. Nxe5 fxe5 22. Be3 Rhe8 23. Be4 Bc5 24. Bxc5 bxc5 25. Rf1 Qb6 26. Qg2 Rf8 27. Kg1 Kb8 28. Rxf8 Rxf8 29. Rf1 Rxf1+ 30. Kxf1 Bc8 31. g4 Qb4 32. Qc2 Ka7 33. Qc3 Kb6 34. Kf2 Qa4 35. Qb3+ Qb4 36. Kg3 Ka5 37. Qxb4+ Kxb4 38. Bd3 e4 39. Be2 a5 40. Kf4 Ba6 41. Kxe4 Bxc4 42. Bxc4 Kxc4 43. g5 a4 44. h4 Kb5 45. Ke3 Kc4 46. Ke4 Kb4 47. Kd3 Kb5 48. Ke3 Kc4 49. Ke4 Kb4 50. Kd3 Kb5 1/2-1/2

[Event "Izmailov Memorial op 15th"]
[Site "Tomsk"]
[Date "2011.06.06"]
[Round "6"]
[White "Denisov, Lev"]
[Black "Radnaev, Anatoly"]
[Result "1-0"]
[WhiteElo "2340"]
[BlackElo "2038"]
[PlyCount "111"]
[EventDate "2011.06.01"]
[EventType "swiss"]
[EventRounds "9"]
[EventCountry "RUS"]
[SourceTitle "EXT 2013"]
[Source "ChessBase"]
[SourceDate "2012.11.22"]
[SourceVersion "1"]
[SourceVersionDate "2012.11.22"]
[SourceQuality "1"]

1. e4 d5 2. exd5 Nf6 3. Nf3 g6 4. c4 Bg7 5. Nc3 0-0 6. Be2 c6 7. dxc6 Nxc6 8. 0-0 e5 9. d3 Bf5 10. Be3 Qd7 11. d4 e4 12. Ne1 Rad8 13. Nc2 h5 14. Qd2 Rfe8 15. Rad1 Qc8 16. c5 Ng4 17. Nb5 Bf8 18. Qc3 a6 19. Nba3 Qc7 20. Bxg4 Bxg4 21. Rd2 Be6 22. Nc4 Ne7 23. Nd6 Nd5 24. Nxe8 Rxe8 25. Qa3 f5 26. Bg5 f4 27. Re1 Bf7 28. Rde2 Qd7 29. Qh3 Be6 30. Qh4 Bg4 31. f3 e3 32. fxg4 hxg4 33. Bxf4 Nxf4 34. Rxe3 Rxe3 35. Rxe3 Qf5 36. Qf2 g5 37. Re5 Qg6 38. Qd2 Bg7 39. Re1 Qf7 40. b3 Qd5 41. Kh1 Qc6 42. Ne3 g3 43. hxg3 Nh5 44. Nf5 Bf6 45. Qe2 Ng7 46. Nxg7 Kxg7 47. Qe6 Qb5 48. Qc4 Qa5 49. Rd1 Qd8 50. d5 Qh8+ 51. Kg1 Kh6 52. Rf1 Qe8 53. d6 Qe3+ 54. Kh2 Kg7 55. d7 Bd8 56. Qf7+ 1-0